000 004450000a22001810004500
003 MACL
005 20160120114716.0
008 160120b xxu||||| |||| 00| 0 eng d
040 _aMACL
_cMACL
041 _aEnglish
082 _a346.03/JHA
100 _aJhabvala, Noshirvan H
_933465
245 _aThe Law of Torts
260 _bC Jamanadas & Co
_aAhmedabad
350 _a140
650 _aPrivate Law
_921264
942 _cBK
_k346.03/JHA
_2ddc
999 _c32288
_d32288